An investigation into teachers' corrective feedback practice in teaching EFL writing for young learners in English language centers : Master of education. Program: Principles and methods in English language education

Nghiên cứu những chiến lược sửa lỗi mà giáo viên thực hiện cho người học cũng như những lý do cho việc thực hiện này trong việc giảng dạy tiếng Anh cho trẻ tại trung tâm ngoại ngữ.

Bewaard in:
Bibliografische gegevens
Hoofdauteur: Lương, Thị Hồng Thanh
Formaat: Boek
Taal:Undetermined
Gepubliceerd in: Cần Thơ Trường Đại học Cần Thơ 2017
Onderwerpen:
Tags: Voeg label toe
Geen labels, Wees de eerste die dit record labelt!
Thư viện lưu trữ: Trung tâm Học liệu Trường Đại học Cần Thơ
LEADER 01138nam a2200205Ia 4500
001 CTU_225509
008 210402s9999 xx 000 0 und d
082 |a 428.007 
082 |b Th107 
100 |a Lương, Thị Hồng Thanh 
245 3 |a An investigation into teachers' corrective feedback practice in teaching EFL writing for young learners in English language centers : 
245 0 |b Master of education. Program: Principles and methods in English language education 
245 0 |c Lương Thị Hồng Thanh ; Nguyễn Văn Lợi (Cán bộ hướng dẫn) 
260 |a Cần Thơ 
260 |b Trường Đại học Cần Thơ 
260 |c 2017 
520 |a Nghiên cứu những chiến lược sửa lỗi mà giáo viên thực hiện cho người học cũng như những lý do cho việc thực hiện này trong việc giảng dạy tiếng Anh cho trẻ tại trung tâm ngoại ngữ. 
650 |a Tiếng Anh,English language 
650 |x Dạy và học,Study and teaching 
980 |a Trung tâm Học liệu Trường Đại học Cần Thơ